000 00676nam a2200205Ia 4500
005 20260121110246.0
008 008 260114s9999 xx 000 0 hin d
020 _a9788132301905
037 _aEBOOK
040 _aCRL
_bhin
_cCRL
041 _ahin
_2hin
084 _qCRL
100 _aअमरनाथ प्रसाद / Amarnath Prasad
_9943980
245 0 _aबाल मजदूर: भयावह तस्वीर / Bal Majdoor: Bhayavah Tasveer
260 _bभाषा प्रकाशन / Bhasha Prakashan
_c2020
856 _uhttps://bhashaprakashan.com/product-details/377856
942 _cEBOOK
999 _c1535645
_d1535645